| 000 | 00877nam a2200229 a 4500 | ||
|---|---|---|---|
| 001 | 000033709 | ||
| 005 | 20240409122244.0 | ||
| 008 | 091012s18931900dr bd r 000 0 eng d | ||
| 040 |
_aDO-SdBNP _bspa _cBNPHU |
||
| 082 |
_a972.93 _bG216c, |
||
| 100 | 1 |
_aGarcía, José Gabriel, _d1834-1910 _926153 |
|
| 245 | 1 | 0 |
_aCompendio de la historia de Santo Domingo / _cJosé Gabriel García. |
| 250 | _a3a. ed. aumentada y revisada | ||
| 260 |
_aSanto Domingo : _bGarcía Hermanos, _c1893-1900. |
||
| 300 |
_a4v. ; _c20 cm. |
||
| 590 | _aInventariado, 2019/BT | ||
| 651 | 0 |
_aRepública Dominicana -- _xHistoria -- _yColonia, 1503-1844 _911397 |
|
| 651 | 4 |
_aLa Española (Haití Y República Dominicana{Rpara} _xHistoria _926154 |
|
| 651 | 4 |
_aRepública Dominicana _xOcupación Haitiana _y1822-1844 _926155 |
|
| 651 | 4 |
_aHaití _xHistoria _98418 |
|
| 910 | _aValidado. Control de calidad. MFF | ||
| 999 |
_c33200 _d33200 |
||